[Event "Titled Tuesday intern op 16th Jan Early"]
[Site "Chess.com INT"]
[Date "2024.01.16"]
[Round "2"]
[White "Ilkhomi, Jaloliddin"]
[Black "Bambino Filho, Antonio Carlos"]
[Result "0-1"]
[WhiteElo "2166"]
[BlackElo "2166"]
[PlyCount "86"]
[EventDate "2024.01.16"]
[EventType "swiss (blitz)"]
[EventRounds "11"]
[EventCountry "USA"]
[SourceTitle "CB04_2024"]
[SourceDate "2023.10.16"]
[SourceVersion "1"]
[SourceVersionDate "2023.10.16"]
[SourceQuality "1"]

1. Nf3 c5 2. c3 d5 3. d4 cxd4 4. cxd4 Nc6 5. Nc3 Nf6 6. Bf4 a6 7. Rc1 e6 8. e3 Bd6 9. Bg3 0-0 10. Bd3 Qe7 11. 0-0 Bd7 12. Qe2 Rfc8 13. a3 Bxg3 14. hxg3 b5 15. Bb1 Na5 16. Ne5 Be8 17. g4 Nd7 18. Nxd7 Qxd7 19. g5 Nc4 20. f4 g6 21. Rf3 a5 22. Qe1 b4 23. axb4 axb4 24. Nd1 Nd6 25. Rxc8 Rxc8 26. Nf2 Qc7 27. Nd3 b3 28. Rh3 Ne4 29. Qh4 Qa5 30. Qxh7+ Kf8 31. Rf3 Qd2 32. Kh2 Rc2 33. Qh3 Qxd3 34. Bxc2 bxc2 35. f5 gxf5 36. g6 fxg6 37. Qh8+ Ke7 38. Qg7+ Bf7 39. Qh6 c1Q 40. Qh4+ Kd7 41. Qh7 Nd6 42. Rf4 Qdxe3 43. Rf3 Qcg1+ 0-1

[Event "Titled Tuesday intern op 16th Jan Early"]
[Site "Chess.com INT"]
[Date "2024.01.16"]
[Round "6"]
[White "Momin, Fayzan"]
[Black "Ilkhomi, Jaloliddin"]
[Result "1-0"]
[WhiteElo "1916"]
[BlackElo "2166"]
[PlyCount "41"]
[EventDate "2024.01.16"]
[EventType "swiss (blitz)"]
[EventRounds "11"]
[EventCountry "USA"]
[SourceTitle "CB04_2024"]
[SourceDate "2023.10.16"]
[SourceVersion "1"]
[SourceVersionDate "2023.10.16"]
[SourceQuality "1"]

1. d4 e6 2. c4 Nf6 3. Nc3 Bb4 4. e3 0-0 5. Bd3 d5 6. a3 Bxc3+ 7. bxc3 b6 8. Ne2 Ba6 9. cxd5 Bxd3 10. Qxd3 exd5 11. f3 Nbd7 12. Ng3 c5 13. 0-0 Qe7 14. e4 cxd4 15. cxd4 dxe4 16. fxe4 Rad8 17. Bg5 h6 18. Bxh6 gxh6 19. Nf5 Qxe4 20. Qg3+ Qg4 21. Nxh6+ 1-0

[Event "Wch Blitz"]
[Site "Samarkand"]
[Date "2023.12.29"]
[Round "10"]
[White "Ilkhomi, Jaloliddin"]
[Black "Sandipan, Chanda"]
[Result "0-1"]
[WhiteElo "2222"]
[BlackElo "2486"]
[PlyCount "59"]
[EventDate "2023.12.29"]
[EventType "swiss (blitz)"]
[EventRounds "21"]
[EventCountry "UZB"]
[SourceTitle "CB01_2024"]
[SourceDate "2024.01.03"]
[SourceVersion "1"]
[SourceVersionDate "2024.01.03"]
[SourceQuality "1"]

1. d4 f5 2. Nf3 Nf6 3. c4 g6 4. Nc3 Bg7 5. g3 0-0 6. Bg2 e6 7. Qc2 d5 8. Bf4 c6 9. Ne5 Nbd7 10. 0-0 Nxe5 11. Bxe5 Re8 12. b3 Bf8 13. Rad1 Ng4 14. Bf4 b6 15. f3 Nf6 16. e4 Ba6 17. Rfe1 Rc8 18. Qe2 Bg7 19. Be5 Qd7 20. Bf1 Qf7 21. Qe3 fxe4 22. Bxf6 Qxf6 23. fxe4 e5 24. dxe5 Qxe5 25. Nxd5 cxd5 26. Rxd5 Qe6 27. Qd2 Bb7 28. Rd6 Qe5 29. Bh3 Qc5+ 30. Kf1 0-1

[Event "Titled Tuesday intern op 26th Sep Early"]
[Site "Chess.com INT"]
[Date "2023.09.26"]
[Round "2"]
[White "Ilkhomi, Jaloliddin"]
[Black "Iskusnyh, Sergei"]
[Result "1/2-1/2"]
[WhiteElo "2177"]
[BlackElo "2440"]
[PlyCount "155"]
[EventDate "2023.09.26"]
[EventType "swiss (blitz)"]
[EventRounds "11"]
[EventCountry "USA"]
[SourceTitle "EXT 2024"]
[Source "ChessBase"]
[SourceDate "2023.10.10"]
[SourceVersion "1"]
[SourceVersionDate "2023.10.10"]
[SourceQuality "1"]

1. Nf3 d5 2. d4 Nf6 3. c3 c5 4. Bf4 Nc6 5. e3 Qb6 6. Qc2 g6 7. Nbd2 Bg7 8. Be2 Bf5 9. dxc5 Qxc5 10. Qb3 0-0 11. Qxb7 Nh5 12. Qb5 Qxb5 13. Bxb5 Nxf4 14. Bxc6 Nd3+ 15. Ke2 Rac8 16. e4 Rxc6 17. exf5 Nxb2 18. fxg6 Re6+ 19. Kf1 fxg6 20. Nd4 Rb6 21. Ke2 e5 22. N4f3 Na4 23. Rac1 e4 24. Ng5 Nxc3+ 25. Ke1 Nxa2 26. Ra1 Nb4 27. Rxa7 Nd3+ 28. Ke2 Rxf2+ 29. Ke3 Bh6 30. h4 Rf8 31. Rf1 Rxf1 32. Nxf1 Ne5 33. Kd4 Nc6+ 34. Kc5 Nxa7 35. Kxb6 Nc8+ 36. Kc7 Ne7 37. Kd6 Nf5+ 38. Kxd5 Nxh4 39. Nxe4 Nxg2 40. Nfg3 Ne3+ 41. Ke6 Ng4 42. Ne2 Bg7 43. Nf4 Bb2 44. Nd5 Kg7 45. Nd6 Nh6 46. Ne8+ Kg8 47. Ne7+ Kh8 48. Nd5 Nf5 49. Nf4 Ng7+ 50. Nxg7 Kxg7 51. Kd5 g5 52. Nd3 Ba3 53. Ke4 Kg6 54. Ne5+ Kf6 55. Ng4+ Ke6 56. Kf3 h5 57. Ne3 Kf6 58. Nd5+ Kg6 59. Ne7+ Kh6 60. Nf5+ Kg6 61. Ne3 h4 62. Nc4 Kh5 63. Nxa3 g4+ 64. Kg2 Kg5 65. Nc4 Kf4 66. Nd2 Ke3 67. Nc4+ Kf4 68. Nd2 g3 69. Nf1 Kg4 70. Ne3+ Kf4 71. Nd5+ Kf5 72. Ne3+ Ke4 73. Ng4 Kf4 74. Nh6 h3+ 75. Kxh3 Kf3 76. Nf5 g2 77. Nh4+ Kf2 78. Nxg2 1/2-1/2

[Event "Titled Tuesday intern op 12th Sep Early"]
[Site "Chess.com INT"]
[Date "2023.09.12"]
[Round "3"]
[White "Urbina Perez, Juan Antonio"]
[Black "Ilkhomi, Jaloliddin"]
[Result "1/2-1/2"]
[WhiteElo "2266"]
[BlackElo "2177"]
[PlyCount "109"]
[EventDate "2023.09.12"]
[EventType "swiss (blitz)"]
[EventRounds "11"]
[EventCountry "USA"]
[SourceTitle "EXT 2024"]
[Source "ChessBase"]
[SourceDate "2023.10.10"]
[SourceVersion "1"]
[SourceVersionDate "2023.10.10"]
[SourceQuality "1"]

1. d4 Nf6 2. c4 e6 3. Nf3 b6 4. g3 Bb7 5. Bg2 Be7 6. 0-0 0-0 7. Re1 d5 8. cxd5 exd5 9. Nc3 Nbd7 10. Bf4 c5 11. Rc1 a6 12. h4 Rc8 13. e3 c4 14. Ne5 b5 15. a3 Re8 16. g4 Nxe5 17. dxe5 Ne4 18. Nxe4 dxe4 19. g5 Qxd1 20. Rexd1 Red8 21. Bh3 Ra8 22. e6 Rd3 23. exf7+ Kxf7 24. Bf1 Rxd1 25. Rxd1 Rd8 26. Rxd8 Bxd8 27. Bh3 a5 28. Kf1 b4 29. axb4 axb4 30. Ke1 Bc6 31. Bf1 Bd5 32. Bd6 Be7 33. Bxe7 Kxe7 34. Kd2 Ke6 35. Bh3+ Ke5 36. Bg4 Be6 37. Be2 h6 38. gxh6 gxh6 39. f4+ exf3 40. Bxf3 Bd5 41. Bg4 Ke4 42. Bh5 Be6 43. Be2 Bf7 44. Bg4 Bg8 45. Bh5 Be6 46. Be2 c3+ 47. bxc3 bxc3+ 48. Kxc3 Kxe3 49. Bd1 Kf2 50. Kd4 Kg3 51. Ke5 Bd7 52. h5 Kh4 53. Kf6 Be8 54. Kg7 Bxh5 55. Kxh6 1/2-1/2

[Event "Speed Chess Q2 Sw"]
[Site "Chess.com INT"]
[Date "2023.08.23"]
[Round "1"]
[White "Donchenko, Alexander"]
[Black "Ilkhomi, Jaloliddin"]
[Result "1-0"]
[WhiteElo "2684"]
[BlackElo "2177"]
[PlyCount "67"]
[EventDate "2023.08.23"]
[EventType "swiss (blitz)"]
[EventRounds "14"]
[EventCountry "USA"]
[SourceTitle "CBM 215 Extra"]
[Source "ChessBase"]
[SourceDate "2023.09.30"]
[SourceVersion "1"]
[SourceVersionDate "2023.09.30"]
[SourceQuality "1"]

1. d4 Nf6 2. c4 e6 3. g3 Bb4+ 4. Nd2 d5 5. Bg2 0-0 6. Ngf3 b6 7. 0-0 Bb7 8. b3 Nbd7 9. Bb2 Qe7 10. Qc2 c5 11. a3 Bxd2 12. Nxd2 Rac8 13. dxc5 Nxc5 14. b4 Nce4 15. Nxe4 Nxe4 16. Bxe4 dxe4 17. Rac1 e3 18. f3 Rfd8 19. Qc3 f6 20. Qxe3 e5 21. Rc2 Qe6 22. Rfc1 Rd7 23. a4 Rcd8 24. Kg2 h5 25. c5 bxc5 26. Rxc5 h4 27. Rc7 Qd5 28. Qxa7 Qd2 29. Qxb7 Qxe2+ 30. Kh3 hxg3 31. hxg3 Rxc7 32. Rxc7 Qf1+ 33. Kg4 f5+ 34. Kg5 1-0